Spieler, die die UEFA Champions League gewonnen haben - Sudden Death - Statistiken

Allgemein
  • Dieses Quiz wurde 3.743 mal gespielt
    1.424 seit der letzten Aktualisierung
  • Das Durchschnittsergebnis liegt bei 7 aus 30
Answers on the Grid
Answers color-coded by a green-red scale on the quiz's grid according to % correct below.
Toni Kroos
Luka Modrić
Paolo Maldini
Cristiano Ronaldo
Karim Benzema
Clarence Seedorf
Mateo Kovačić
David Alaba
Lionel Messi
Raphaël Varane
Ferenc Puskás
Johan Cruijff
Franz Beckenbauer
Raúl
Dani Alves
Keylor Navas
Karl-Heinz Rummenigge
Carlo Ancelotti
Edwin van der Sar
Xabi Alonso
Sergi Roberto
Álvaro Morata
James Rodríguez
Xherdan Shaqiri
Thomas Müller
Ousmane Dembélé
Didier Drogba
Alessandro Del Piero
Fernando Torres
Robert Lewandowski
Diego Maradona
Ronaldo
Gianluigi Buffon
Lothar Matthäus
Dennis Bergkamp
Michael Ballack
Zlatan Ibrahimović
Patrick Vieira
Gabriel Batistuta
George Weah
Pavel Nedvěd
Ruud van Nistelrooy
Eric Cantona
Roberto Baggio
Michael Owen
Hernan Crespo
Cesc Fabregas
Francesco Totti
Fabio Cannavaro
Lilian Thuram
Lautaro Martínez
Hugo Lloris
Mats Hummels
Paul Pogba
Edinson Cavani
Gianluca Zambrotta
Diego Forlán
Mesut Özil
Miroslav Klose
Robinho
 
Antwortstatistiken
Antwort % Korrekt
Lionel Messi
45%
Toni Kroos
43%
Cristiano Ronaldo
41%
Thomas Müller
41%
Robert Lewandowski
40%
Karim Benzema
39%
Luka Modrić
37%
David Alaba
34%
Ousmane Dembélé
33%
Dani Alves
30%
Raphaël Varane
30%
Xabi Alonso
29%
Keylor Navas
25%
Didier Drogba
24%
James Rodríguez
20%
Raúl
20%
Mateo Kovačić
19%
Paolo Maldini
19%
Xherdan Shaqiri
17%
Edwin van der Sar
16%
Sergi Roberto
16%
Clarence Seedorf
15%
Franz Beckenbauer
14%
Álvaro Morata
11%
Fernando Torres
11%
Johan Cruijff
11%
Carlo Ancelotti
9%
Karl-Heinz Rummenigge
7%
Ferenc Puskás
6%
Alessandro Del Piero
5%
Keine übereinstimmenden Quizze gefunden
Verteilung der Resultate
Anzahl Personen mit jedem Resultat
Perzentil nach korrekt beantworteten Fragen
Ihre Resultats-Entwicklung
Sie haben dieses Quiz seit der letzten Aktualisierung nicht gespielt